FUNDAMENTALS OF RURAL SOCIOLOGY AND EDUCATIONAL PSYCHOLOGY (Record no. 5553)

MARC details
000 -LEADER
fixed length control field 00500nam a22001697a 4500
005 - DATE AND TIME OF LATEST TRANSACTION
control field 20230914105848.0
008 - FIXED-LENGTH DATA ELEMENTS--GENERAL INFORMATION
fixed length control field 170909b xxu||||| |||| 00| 0 eng d
020 ## - INTERNATIONAL STANDARD BOOK NUMBER
ISBN 978-81-8321-249-6
041 ## - LANGUAGE CODE
Language code of text/sound track or separate title eng
082 ## - DEWEY DECIMAL CLASSIFICATION NUMBER
Classification number 306.349
100 ## - MAIN ENTRY--AUTHOR NAME
Personal name SHARMA, O.P. AND SOMANI, L.L.
245 ## - TITLE STATEMENT
Title FUNDAMENTALS OF RURAL SOCIOLOGY AND EDUCATIONAL PSYCHOLOGY
Statement of responsibility, etc O.P. SHARMA, AND, L.L. SOMANI
260 ## - PUBLICATION, DISTRIBUTION, ETC. (IMPRINT)
Place of publication UDAIPUR
Name of publisher AGROTECH PUBLISHING ACADEMY
300 ## - PHYSICAL DESCRIPTION
Number of Pages 256p.
650 ## - SUBJECT ADDED ENTRY--TOPICAL TERM
Topical Term Agriculture
942 ## - ADDED ENTRY ELEMENTS (KOHA)
Koha item type Books
Holdings
Lost status Damaged status Collection code Home library Current library Shelving location Date acquired Source of acquisition Cost, normal purchase price Full call number Accession Number Koha item type
    Reference JRU Library JRU Library SHELF-2-C 09/09/2017 Purchase 1300.00 306.349 21872 Books
    Reference JRU Library JRU Library SHELF-2-A 09/09/2017 Purchase 1300.00 306.349 21873 Books
    AGRICULTURE JRU Library JRU Library SHELF-45-J 09/09/2017 Purchase 1300.00 306.349 21874 Books